| 000 | 01412nam a2200229Ia 4500 | ||
|---|---|---|---|
| 003 | OSt | ||
| 005 | 20210827141808.0 | ||
| 008 | 210310s1980 ck gr 000 0 spa d | ||
| 040 |
_aCO-JMCR _cCO-JMCR |
||
| 041 | 0 | _aspa | |
| 082 | 0 | 4 |
_a340.7 / _bP259f _223 |
| 100 | 1 |
_aParra Quijano, Jairo, _917268 _eautor |
|
| 245 | 1 | 4 |
_aLas facultades de derecho por dentro / _cJairo Parra Quijano |
| 250 | _a2° edición | ||
| 260 |
_aBogotá : _bRodríguez Quito editores, _c1980 |
||
| 300 |
_axiv, 198 páginas ; _c17 cm. |
||
| 505 | 0 | _aLa autonomía universitaria -- Las facultades de derecho por dentro -- El profesor madre | |
| 520 | 3 | _aEl análisis que sobre las Facultades de Derecho hace el profesor Jairo Parra Quijano, indudablemente contribuye al estudio del Derecho. Además, en este libro se recogen otros ensayos universitarios, que al autor a través de su larga experiencia en el campo universitario ya coma profesor, rector, etc. ha elaborado. Los editores han incluido en la segunda parte un apéndice, que contiene la legislación pertinente al tema, para que en conjunto con lo expuesto por el autor, el libro sea la gula y respuesta a los interrogantes que con base a las últimas disposiciones se formulan los estudiantes de derecho en relación con su título de Abogado. | |
| 650 | 1 | 4 |
_aDerecho _917270 _xEnseñanza _zColombia |
| 650 | 2 | 4 |
_aAbogados _xLegislación _zColombia _97932 |
| 942 |
_2ddc _cBK |
||
| 999 |
_c8437 _d8437 |
||